[Event "C.to Regionale Sicilia"]
[Site "Erice ITA"]
[Date "2009.06.02"]
[Round "6"]
[White "Meo, Antonino"]
[Black "Salvaggio, Salvatore"]
[Result "1-0"]
[WhiteElo "1434"]
[BlackElo "1760"]
[PlyCount "119"]
[EventDate "2009.05.30"]

1. e4 c5 2. Nf3 e6 3. d4 cxd4 4. Nxd4 Nf6 5. Nc3 d6 6. Bg5 Be7 7. Nf3 Nc6 8.
Bc4 a6 9. Nd4 O-O 10. a4 Nxd4 11. Qxd4 Qc7 12. O-O b6 13. Rfd1 Rd8 14. Kh1 Bb7
15. f3 Rac8 16. Bb3 h6 17. Bh4 Bc6 18. Ra2 Kh8 19. Rda1 Ng8 20. Bxe7 Nxe7 21.
Ne2 d5 22. e5 Bb7 23. c3 Nc6 24. Qe3 Nxe5 25. Bc2 Nd7 26. Qd3 g6 27. Qe3 Kg7
28. Re1 Qe5 29. Qd3 Qd6 30. Ng3 Nf6 31. Raa1 Qc5 32. Rxe6 Ne4 33. fxe4 dxe4 34.
Nxe4 Qf5 35. Rd6 Bxe4 36. Qd4+ Kh7 37. Bxe4 Rxd6 38. Bxf5 Rcd8 39. Qxd6 Rxd6
40. Bc2 Rd2 41. Rc1 Kg7 42. b4 f5 43. g3 Kf6 44. a5 bxa5 45. bxa5 Rd5 46. Ra1
Kg5 47. Bd1 h5 48. h4+ Kf6 49. Be2 Rd6 50. Rb1 Ke5 51. Rb6 Rd2 52. Bxa6 Ke4 53.
Bb7+ Ke3 54. a6 Kf2 55. a7 Kxg3 56. Rb1 Rh2+ 57. Kg1 Ra2 58. a8=Q Rxa8 59. Bxa8
Kxh4 60. c4 1-0

[Event "C.to Regionale Sicilia"]
[Site "Erice ITA"]
[Date "2009.06.02"]
[Round "6"]
[White "Miles, Raymond"]
[Black "Camarda, Giuseppe"]
[Result "0-1"]
[WhiteElo "1434"]
[BlackElo "1553"]
[PlyCount "176"]
[EventDate "2009.05.30"]

1. e4 c5 2. Nf3 d6 3. Bb5+ Bd7 4. Bxd7+ Qxd7 5. d4 cxd4 6. Nxd4 Nf6 7. Nc3 a6
8. O-O e6 9. b3 Be7 10. Re1 Qc7 11. Bb2 Nbd7 12. a4 Rc8 13. Kf1 O-O 14. Qd2
Rfe8 15. Rad1 h6 16. Kg1 Ng4 17. Qe2 Nge5 18. Kf1 Qa5 19. Nb1 Nc6 20. Nxc6 Rxc6
21. Qg4 Nf6 22. Bxf6 Bxf6 23. Qe2 Rec8 24. c4 Qb6 25. Nd2 Bc3 26. Rb1 Qa5 27.
Red1 Be5 28. Kg1 Qd8 29. Qg4 Qf6 30. Nf3 Rd8 31. Nxe5 Qxe5 32. Qe2 Qc5 33. Rd3
e5 34. Qe3 Qxe3 35. Rxe3 Kf8 36. Kf1 Ke7 37. Ke2 Rf8 38. g4 Rcc8 39. h4 Rcd8
40. b4 Rc8 41. Rc1 Rc7 42. Rec3 Rfc8 43. Kd3 b6 44. Ke3 Kf6 45. f4 exf4+ 46.
Kxf4 g5+ 47. hxg5+ hxg5+ 48. Ke3 Ke5 49. Kd3 Rh8 50. Re1 Rh4 51. Rec1 Rxg4 52.
a5 Rg3+ 53. Ke2 b5 54. c5 Rxc3 55. Rxc3 Kxe4 56. Kd2 dxc5 57. bxc5 Kd5 58. Rg3
f6 59. Rf3 Rc6 60. Rf5+ Ke6 61. Rf3 Rxc5 62. Re3+ Kf7 63. Rd3 Rc6 64. Rd7+ Kg6
65. Rd3 f5 66. Ke2 g4 67. Kf2 Kg5 68. Kg3 Rh6 69. Kg2 Re6 70. Kg3 f4+ 71. Kf2
g3+ 72. Kf3 b4 73. Rb3 Re3+ 74. Rxe3 fxe3 75. Kxe3 b3 76. Kd2 g2 77. Kc3 g1=Q
78. Kb2 Qd1 79. Ka3 Qb1 80. Kb4 b2 81. Kc3 Qa1 82. Kc4 b1=R 83. Kc5 Qxa5+ 84.
Kc6 Rb6+ 85. Kc7 Qc5+ 86. Kd7 Rd6+ 87. Ke7 Qc7+ 88. Ke8 Rd8# 0-1

[Event "C.to Regionale Sicilia"]
[Site "Erice ITA"]
[Date "2009.06.02"]
[Round "6"]
[White "Monaco, Alessandro"]
[Black "Pascucci, Marco"]
[Result "0-1"]
[WhiteElo "1599"]
[BlackElo "2022"]
[PlyCount "28"]
[EventDate "2009.05.30"]

1. e4 e6 2. d4 d5 3. exd5 exd5 4. Bd3 Bd6 5. Ne2 c6 6. Nd2 Bg4 7. c3 Nd7 8. Nf1
Qc7 9. h3 Bh5 10. Qc2 O-O-O 11. Be3 Ngf6 12. O-O-O Rde8 13. Nfg3 Bxg3 14. fxg3
Rxe3 0-1

[Event "C.to Regionale Sicilia"]
[Site "Erice ITA"]
[Date "2009.06.02"]
[Round "6"]
[White "Napolitano, Giuseppe"]
[Black "Guarino, Giuseppe"]
[Result "0-1"]
[WhiteElo "1335"]
[BlackElo "1503"]
[PlyCount "108"]
[EventDate "2009.05.30"]

1. e4 c5 2. Nc3 d6 3. Nf3 Nc6 4. Bc4 Bg4 5. h3 Bxf3 6. gxf3 e6 7. f4 Nf6 8. a3
Be7 9. d3 a6 10. Be3 O-O 11. Qf3 Nd4 12. Bxd4 cxd4 13. Nb1 b5 14. Ba2 Qc7 15.
Bb3 a5 16. a4 b4 17. Nd2 Nd7 18. Qg2 Nb6 19. Rc1 d5 20. e5 f5 21. h4 Bd8 22.
Nf3 Nd7 23. h5 Nc5 24. Nxd4 Nxd3+ 25. Kd2 Nxf4 26. Qg3 Qxe5 27. Qe3 Bf6 28.
Qxe5 Bxe5 29. c3 bxc3+ 30. bxc3 Rfc8 31. Nxe6 Nxe6 32. Bxd5 Ra6 33. Rhe1 Bf4+
34. Kd1 Rd8 35. c4 Kf7 36. Rb1 Kf6 37. Ke2 Nc5 38. Kf1 Nxa4 39. Red1 Nc3 40.
Bb7 Rad6 41. Rxd6+ Rxd6 42. c5 Rd1+ 43. Rxd1 Nxd1 44. Ke2 Nc3+ 45. Kd3 Ne4 46.
Bxe4 fxe4+ 47. Kxe4 Bc7 48. Kd4 a4 49. Kc4 Kg5 50. Kb4 Kxh5 51. Kxa4 Kg5 52.
Kb5 h5 53. Kc6 Bf4 54. Kd5 h4 0-1

[Event "C.to Regionale Sicilia"]
[Site "Erice ITA"]
[Date "2009.06.02"]
[Round "6"]
[White "Pantano, Giuseppe"]
[Black "Giannilivigni, Marco"]
[Result "1-0"]
[WhiteElo "1557"]
[BlackElo "1431"]
[PlyCount "61"]
[EventDate "2009.05.30"]

1. d4 d5 2. Bg5 h6 3. Bh4 Nd7 4. e3 Ngf6 5. f4 e6 6. Bd3 c5 7. c3 Be7 8. Nd2 b6
9. Ngf3 Bb7 10. Ne5 Rc8 11. Bb5 O-O 12. Ndf3 a6 13. Bd3 Nxe5 14. Nxe5 Nd7 15.
Bxe7 Qxe7 16. O-O Nxe5 17. fxe5 Qg5 18. Rf3 f6 19. Rg3 Qh4 20. Rg4 Qxg4 21.
Qxg4 Rce8 22. Qg6 f5 23. Rf1 Bc8 24. g4 c4 25. Bc2 Kh8 26. gxf5 exf5 27. Bxf5
Bxf5 28. Rxf5 Rxf5 29. Qxf5 g5 30. Qf6+ Kh7 31. Qf7+ 1-0

[Event "C.to Regionale Sicilia"]
[Site "Erice ITA"]
[Date "2009.06.02"]
[Round "6"]
[White "Piazza, Francesco"]
[Black "Schinelli, Nicolo'"]
[Result "1-0"]
[WhiteElo "1386"]
[BlackElo "1377"]
[PlyCount "127"]
[EventDate "2009.05.30"]

1. e4 e5 2. Nf3 Nc6 3. Bc4 Nf6 4. Nc3 Bc5 5. O-O O-O 6. Bb5 a6 7. Bxc6 dxc6 8.
Nxe5 Bb4 9. d3 Qe8 10. Nf3 h6 11. a3 Bxc3 12. bxc3 Qd8 13. Bb2 Qd6 14. e5 Qe6
15. exf6 Qxf6 16. Rb1 Bg4 17. c4 Qf5 18. h3 Bxf3 19. Qxf3 Qxf3 20. gxf3 Rae8
21. Kh1 Re2 22. Rg1 g6 23. f4 Rxf2 24. Rbf1 Rxf1 25. Rxf1 f5 26. Rg1 Kf7 27.
Be5 Rc8 28. d4 Rd8 29. c3 Rc8 30. d5 b5 31. cxb5 axb5 32. dxc6 Ra8 33. Bxc7 Ra6
34. Be5 Rxc6 35. Ra1 Ra6 36. Rb1 Rxa3 37. Rxb5 Ra1+ 38. Kg2 Ra2+ 39. Kf3 Ra1
40. c4 Rf1+ 41. Kg2 Rc1 42. c5 Ke6 43. Rb6+ Kd7 44. Rxg6 h5 45. c6+ Rxc6 46.
Rxc6 Kxc6 47. Kg3 Kd7 48. Kh4 Ke6 49. Kxh5 Kd5 50. Kg6 Ke4 51. h4 Kf3 52. Kxf5
Kg3 53. Kg5 Kf3 54. h5 Ke4 55. h6 Kd5 56. h7 Ke6 57. h8=R Kf7 58. Rh6 Ke7 59.
f5 Kd7 60. Bd4 Ke7 61. f6+ Kd6 62. f7+ Kd5 63. f8=R Kxd4 64. Re6 1-0

[Event "C.to Regionale Sicilia"]
[Site "Erice ITA"]
[Date "2009.06.02"]
[Round "6"]
[White "Savalla, Pietro"]
[Black "Gigante, Giovanni"]
[Result "1-0"]
[WhiteElo "1434"]
[BlackElo "1773"]
[PlyCount "64"]
[EventDate "2009.05.30"]

1. e4 e5 2. Nf3 Nc6 3. Bc4 Bc5 4. d4 exd4 5. O-O d6 6. c3 d3 7. Qxd3 Nf6 8. Bg5
O-O 9. Re1 Qe7 10. h3 Rd8 11. Qc2 Ne5 12. Nbd2 h6 13. Nxe5 Qxe5 14. Nf3 Qg3 15.
Bh4 Qg6 16. Kf1 Re8 17. Bd3 Qh5 18. g4 Nxg4 19. Bg3 Nh2+ 20. Nxh2 Bxh3+ 21. Kg1
Qg5 22. Kh1 h5 23. Nf3 Qf6 24. Qe2 Bg4 25. Kg2 d5 26. e5 Rxe5 27. Bxe5 Qh6 28.
Bd4 Bd6 29. Be5 Re8 30. Bf4 Rxe2 31. Bxh6 Rxe1 32. Rxe1 32... gxh6 {...} 1-0

[Event "C.to Regionale Sicilia"]
[Site "Erice ITA"]
[Date "2009.06.02"]
[Round "6"]
[White "Valguarnera, Girolamo"]
[Black "Tondo, Salvatore"]
[Result "1-0"]
[WhiteElo "2127"]
[BlackElo "1905"]
[PlyCount "74"]
[EventDate "2009.05.30"]

1. e4 c5 2. Nf3 Nc6 3. d4 cxd4 4. Nxd4 e5 5. Nb5 a6 6. Nd6+ Bxd6 7. Qxd6 Qf6 8.
Qd1 Qg6 9. Nc3 d5 10. Nxd5 Qxe4+ 11. Ne3 Nf6 12. Bd3 Qb4+ 13. c3 Qe7 14. O-O
O-O 15. Qe2 h6 16. b4 e4 17. Bc4 Ne5 18. Nd5 Nxd5 19. Bxd5 Bf5 20. Be3 Ng4 21.
h3 Nxe3 22. Qxe3 Rfe8 23. Qf4 Bg6 24. Rfe1 Rad8 25. Rad1 Kh7 26. Rd4 f5 27. Re3
Rd6 28. g4 Rf6 29. Rg3 fxg4 30. Qxg4 Ref8 31. h4 Bf5 32. Bxe4 Kh8 33. Bxf5 Rxf5
34. f4 Qf6 35. Rd7 Rf7 36. Rxf7 Qxf7 37. Rf3 Kh7 1-0

[Event "C.to Regionale Sicilia"]
[Site "Erice ITA"]
[Date "2009.06.02"]
[Round "7"]
[White "Bertino, Giacomo"]
[Black "Fiducioso, Marco"]
[Result "0-1"]
[WhiteElo "2027"]
[BlackElo "2124"]
[PlyCount "102"]
[EventDate "2009.05.30"]

1. d4 d5 2. Nf3 Nf6 3. e3 c6 4. c4 a6 5. Nc3 b5 6. cxd5 cxd5 7. Qb3 Nc6 8. Bd3
e6 9. a3 Bb7 10. Bd2 Be7 11. Rc1 O-O 12. O-O Na5 13. Qa2 Nc4 14. Rfd1 Bd6 15.
a4 Ne4 16. b3 Ncxd2 17. Nxd2 f5 18. f4 g5 19. Bxe4 fxe4 20. g3 b4 21. Ne2 a5
22. Nf1 Qf6 23. Kh1 h6 24. Qd2 Qg6 25. Qe1 Rac8 26. Rxc8 Rxc8 27. Rc1 Qh5 28.
Rxc8+ Bxc8 29. Qf2 Ba6 30. Ng1 Kg7 31. Kg2 Qf7 32. Qc2 Qc7 33. Qxc7+ Bxc7 34.
Nd2 Kg6 35. Kf2 Bd8 36. Nh3 Kf5 37. Kg2 Bf6 38. Kf2 Bd3 39. Kg2 Bc2 40. Kf2
gxf4 41. Nxf4 Bd8 42. Kg2 Bb6 43. Kf2 Ba7 44. Ke2 e5 45. dxe5 Kxe5 46. Ng6+ Kd6
47. Nh4 Bd3+ 48. Kf2 d4 49. Nf5+ Ke5 50. g4 dxe3+ 51. Nxe3 Kf4 0-1

[Event "C.to Regionale Sicilia"]
[Site "Erice ITA"]
[Date "2009.06.02"]
[Round "7"]
[White "Camarda, Giuseppe"]
[Black "Napolitano, Giuseppe"]
[Result "1-0"]
[WhiteElo "1553"]
[BlackElo "1335"]
[PlyCount "75"]
[EventDate "2009.05.30"]

1. c4 c5 2. g3 Nf6 3. Bg2 Nc6 4. Nc3 e6 5. d3 Be7 6. Nf3 O-O 7. O-O Qc7 8. Bf4
e5 9. Nb5 Qb8 10. Bg5 a6 11. Nc3 Re8 12. e4 h6 13. Bxf6 Bxf6 14. Nd5 Re6 15.
Bh3 Rd6 16. a3 Nd4 17. Nxd4 exd4 18. f4 Bd8 19. f5 Bf6 20. Qe2 Be5 21. Qg4 g5
22. fxg6 Rxg6 23. Ne7+ Kh7 24. Nxg6 d6 25. Rxf7+ Bg7 26. Qxc8 Qxc8 27. Bxc8
Rxc8 28. Nf4 b5 29. Rf1 Kg8 30. Nd5 Bf8 31. Ne7+ Bxe7 32. Rxe7 Rf8 33. Rxf8+
Kxf8 34. Re6 bxc4 35. dxc4 Kf7 36. Rxd6 a5 37. Kf2 a4 38. Rd5 1-0

[Event "C.to Regionale Sicilia"]
[Site "Erice ITA"]
[Date "2009.06.02"]
[Round "7"]
[White "Ferrante, Filippo"]
[Black "Meo, Antonino"]
[Result "0-1"]
[WhiteElo "1587"]
[BlackElo "1434"]
[PlyCount "76"]
[EventDate "2009.05.30"]

1. Nf3 d6 2. d4 g6 3. g3 Bg7 4. Bg2 Nf6 5. O-O O-O 6. c3 Nbd7 7. Re1 b6 8. Nbd2
Bb7 9. e4 c5 10. d5 a5 11. Qc2 Ba6 12. Nf1 Ng4 13. Ne3 Nge5 14. c4 Nxf3+ 15.
Bxf3 Ne5 16. Bg2 b5 17. Rb1 bxc4 18. f4 Nd3 19. Rd1 Nb4 20. Qa4 c3 21. bxc3
Bxc3 22. e5 dxe5 23. d6 exd6 24. Bxa8 Qxa8 25. Rxd6 Qe4 26. Rxb4 Bxb4 27. Rxa6
exf4 28. gxf4 Qxf4 29. Qd1 Re8 30. Ng2 Qc4 31. Ra7 Qxa2 32. Bh6 c4 33. Rc7 c3
34. Kh1 Bd6 35. Rxc3 Qf2 36. Qg1 Qf5 37. Ne3 Qh5 38. Ng4 Qd5+ 0-1

[Event "C.to Regionale Sicilia"]
[Site "Erice ITA"]
[Date "2009.06.02"]
[Round "7"]
[White "Fontana, Giulio"]
[Black "Pantano, Giuseppe"]
[Result "1-0"]
[WhiteElo "1545"]
[BlackElo "1557"]
[PlyCount "75"]
[EventDate "2009.05.30"]

1. e4 d6 2. d4 Nf6 3. Bc4 Nxe4 4. Nf3 Bg4 5. Nc3 Nxc3 6. Bxf7+ Kxf7 7. Ng5+ Ke8
8. Qxg4 Na4 9. Qe6 Qd7 10. Qf7+ Kd8 11. Ne6+ Kc8 12. Nxf8 Qd8 13. Ne6 Qe8 14.
Qxe8+ Rxe8 15. O-O Kd7 16. d5 Na6 17. Be3 b6 18. f4 Nxb2 19. Bd4 Nc4 20. Nxg7
Rg8 21. Rae1 Nb4 22. Re6 Nxc2 23. Bc3 N2e3 24. Re1 Nxd5 25. Nf5 Nxc3 26. Rxe7+
Kc6 27. Rc1 Ne2+ 28. Rxe2 d5 29. Ne7+ Kd7 30. Nxd5 b5 31. Nf6+ Kc6 32. Re6+ Kb7
33. Nxg8 Rxg8 34. Re7 h6 35. f5 Rg5 36. f6 Rf5 37. f7 Kc6 38. Rf1 1-0

[Event "C.to Regionale Sicilia"]
[Site "Erice ITA"]
[Date "2009.06.02"]
[Round "7"]
[White "Giannilivigni, Marco"]
[Black "Miles, Raymond"]
[Result "1-0"]
[WhiteElo "1431"]
[BlackElo "1434"]
[PlyCount "91"]
[EventDate "2009.05.30"]

1. c4 e5 2. Nc3 Nf6 3. Nf3 Nc6 4. d4 exd4 5. Nxd4 Nxd4 6. Qxd4 Be7 7. g3 O-O 8.
Bg2 c6 9. O-O d6 10. b3 Be6 11. Bb2 d5 12. cxd5 cxd5 13. Rad1 Bb4 14. Nxd5 Bxd5
15. Bxd5 Re8 16. e3 Qd7 17. Bxf7+ Kxf7 18. Qxd7+ Nxd7 19. Rxd7+ Kg8 20. Rxg7+
Kf8 21. Rxb7 Rab8 22. Rxa7 Re7 23. Rxe7 Kxe7 24. Rc1 h5 25. Rc4 Ke6 26. a3 Bd6
27. b4 Bc7 28. Rxc7 Kf5 29. Kg2 Ke6 30. e4 Kd6 31. Rc5 Rb7 32. Rxh5 Kc6 33.
Rh6+ Kb5 34. e5 Rh7 35. Rxh7 Ka4 36. e6 Kb3 37. e7 Kxb2 38. e8=Q Kb3 39. Rc7
Kb2 40. Qe2+ Kb3 41. Qc2+ Kxa3 42. Rc3+ Kxb4 43. Qb2+ Ka5 44. Qb1 Ka4 45. Rc8
Ka5 46. Ra8# 1-0

[Event "C.to Regionale Sicilia"]
[Site "Erice ITA"]
[Date "2009.06.02"]
[Round "7"]
[White "Gigante, Giovanni"]
[Black "Dagnino, Marcello"]
[Result "1-0"]
[WhiteElo "1773"]
[BlackElo "1419"]
[PlyCount "91"]
[EventDate "2009.05.30"]

1. e4 c5 2. Nf3 Nc6 3. Bb5 a6 4. Bxc6 bxc6 5. O-O e6 6. c4 Ne7 7. Nc3 Ng6 8. b3
Be7 9. Re1 d6 10. Qe2 O-O 11. Bb2 Ra7 12. Rad1 Rd7 13. d4 cxd4 14. Nxd4 Bb7 15.
c5 dxc5 16. Nc2 a5 17. Na4 Rxd1 18. Rxd1 Qc7 19. Na3 Rd8 20. Nc4 Ba6 21. Nab6
Bxc4 22. Nxc4 Rxd1+ 23. Qxd1 Qd8 24. Qxd8+ Bxd8 25. Bc3 Nf4 26. Kf1 Nd3 27.
Nxa5 Bxa5 28. Bxa5 Kf8 29. Bd2 Ke7 30. f4 f6 31. Ke2 Nb4 32. a3 Nc2 33. a4 Nd4+
34. Kd3 Nxb3 35. Be3 Kd7 36. Kc2 Na5 37. Bxc5 f5 38. exf5 exf5 39. Bb6 Nc4 40.
Bd4 g6 41. Kd3 Na5 42. Bb6 Nb7 43. a5 c5 44. a6 Kc6 45. a7 Kxb6 46. a8=Q 1-0

[Event "C.to Regionale Sicilia"]
[Site "Erice ITA"]
[Date "2009.06.02"]
[Round "7"]
[White "Mancuso, Fabrizio"]
[Black "Monaco, Alessandro"]
[Result "0-1"]
[WhiteElo "1305"]
[BlackElo "1599"]
[PlyCount "42"]
[EventDate "2009.05.30"]

1. e4 d5 2. exd5 Nf6 3. Nc3 Nxd5 4. Nxd5 Qxd5 5. Nf3 Nc6 6. d4 Bf5 7. Bf4 O-O-O
8. Bd3 Bxd3 9. Qxd3 Nxd4 10. Nxd4 Qxd4 11. Qf5+ e6 12. Qxf7 Qe4+ 13. Be3 Rd7
14. Qf3 Qxc2 15. O-O a6 16. Qg4 Qf5 17. Qa4 Bd6 18. Rad1 Rhd8 19. b4 Bxh2+ 20.
Kh1 Qh5 21. Rxd7 Bg3+ 0-1

[Event "C.to Regionale Sicilia"]
[Site "Erice ITA"]
[Date "2009.06.02"]
[Round "7"]
[White "Melograni, Francesco"]
[Black "Cerami, Giuseppe"]
[Result "1-0"]
[WhiteElo "1730"]
[BlackElo "1682"]
[PlyCount "55"]
[EventDate "2009.05.30"]

1. e4 e6 2. f4 c5 3. Nf3 Nc6 4. Nc3 a6 5. a4 d6 6. Bc4 Nf6 7. d3 Be7 8. O-O O-O
9. Qe1 Qc7 10. Ng5 h6 11. Nh3 Nd4 12. Qd1 Bd7 13. Ne2 b5 14. Ba2 Nxe2+ 15. Qxe2
bxa4 16. g4 d5 17. g5 hxg5 18. fxg5 e5 19. gxf6 Bxh3 20. fxe7 Qxe7 21. Rf2 dxe4
22. Qxe4 Rad8 23. Be3 Bc8 24. Raf1 Bh3 25. Rxf7 Kh8 26. Rxf8+ Rxf8 27. Rxf8+
Qxf8 28. Qh4# 1-0

[Event "C.to Regionale Sicilia"]
[Site "Erice ITA"]
[Date "2009.06.02"]
[Round "7"]
[White "Messina, Damiano"]
[Black "Lo Piccolo, Antonino"]
[Result "1/2-1/2"]
[WhiteElo "2003"]
[BlackElo "1680"]
[PlyCount "22"]
[EventDate "2009.05.30"]

1. e4 e5 2. Nf3 Nc6 3. Bb5 a6 4. Ba4 Nf6 5. O-O Be7 6. Bxc6 dxc6 7. d4 O-O 8.
c4 Re8 9. Nc3 h6 10. Be3 Be6 11. Qc2 Ng4 1/2-1/2

[Event "C.to Regionale Sicilia"]
[Site "Erice ITA"]
[Date "2009.06.02"]
[Round "7"]
[White "Pascucci, Marco"]
[Black "Di Via, Saverio"]
[Result "1-0"]
[WhiteElo "2022"]
[BlackElo "1740"]
[PlyCount "37"]
[EventDate "2009.05.30"]

1. d4 c6 2. e4 d5 3. Nc3 dxe4 4. Bc4 Bf5 5. f3 exf3 6. Nxf3 e6 7. O-O Nf6 8.
Ne5 Nbd7 9. Nxf7 Kxf7 10. Rxf5 Bd6 11. Ne4 Qc7 12. Qe2 Ke7 13. Ng5 Rae8 14.
Qxe6+ Kd8 15. Nf7+ Kc8 16. Nxd6+ Kd8 17. Nxe8 Rxe8 18. Bf4 Qb6 19. Qd6 1-0

[Event "C.to Regionale Sicilia"]
[Site "Erice ITA"]
[Date "2009.06.02"]
[Round "7"]
[White "Piazza, Dario"]
[Black "Savalla, Pietro"]
[Result "1/2-1/2"]
[WhiteElo "1521"]
[BlackElo "1434"]
[PlyCount "88"]
[EventDate "2009.05.30"]

1. e4 e5 2. d4 exd4 3. Nf3 d6 4. Be2 Bg4 5. Nxd4 Bxe2 6. Nxe2 Nc6 7. Nbc3 Nf6
8. Bg5 Be7 9. O-O O-O 10. Ng3 Re8 11. Re1 h6 12. Be3 Qd7 13. Nf5 Ne5 14. Bd4
Rad8 15. Nxe7+ Rxe7 16. Nd5 Nxd5 17. exd5 Ng6 18. Rxe7 Qxe7 19. Qe1 Qxe1+ 20.
Rxe1 a6 21. c4 f6 22. g3 Kf7 23. f4 Re8 24. Rxe8 Kxe8 25. Kf2 Kd7 26. Ke3 c6
27. dxc6+ Kxc6 28. b4 Ne7 29. a4 b5 30. axb5+ axb5 31. Kd3 d5 32. c5 Ng8 33. f5
h5 34. Ke3 Nh6 35. Kf4 Kc7 36. h3 Kc6 37. g4 hxg4 38. hxg4 Nf7 39. Kg3 Nh8 40.
Kh4 Nf7 41. Kg3 Nh8 42. g5 fxg5 43. Bxg7 Nf7 44. Bf6 Nh6 1/2-1/2

[Event "C.to Regionale Sicilia"]
[Site "Erice ITA"]
[Date "2009.06.02"]
[Round "7"]
[White "Salvaggio, Salvatore"]
[Black "Piazza, Francesco"]
[Result "1-0"]
[WhiteElo "1760"]
[BlackElo "1386"]
[PlyCount "106"]
[EventDate "2009.05.30"]

1. d4 d5 2. c4 Nf6 3. Nc3 e6 4. Nf3 Bb4 5. Bg5 Be7 6. e3 Nc6 7. Bd3 O-O 8. Qc2
Nb4 9. Qb1 Nxd3+ 10. Qxd3 Nh5 11. Bxe7 Qxe7 12. cxd5 exd5 13. Nxd5 Qd6 14. Nc3
Re8 15. O-O Bg4 16. Nd2 g6 17. f3 Bd7 18. Nb3 Re7 19. Rfe1 Rae8 20. Rad1 a6 21.
Qd2 Qb4 22. Nd5 Qd6 23. Nxe7+ Qxe7 24. e4 Ba4 25. Rc1 Bb5 26. Nc5 b6 27. Nd3
Rd8 28. Nf2 c5 29. d5 Qf6 30. Ng4 Qg7 31. Qe3 Re8 32. e5 Bd7 33. Nf2 Rxe5 34.
Qxe5 Qxe5 35. Rxe5 Nf6 36. Ne4 Ne8 37. Rxe8+ Bxe8 38. Nf6+ Kf8 39. Nxe8 Kxe8
40. Rd1 Kd7 41. Kf2 f5 42. Ke3 Kd6 43. b3 h6 44. a4 g5 45. g3 b5 46. axb5 axb5
47. h3 h5 48. h4 g4 49. fxg4 fxg4 50. Kf4 c4 51. bxc4 bxc4 52. Kg5 c3 53. Kxh5
Kc5 1-0

[Event "C.to Regionale Sicilia"]
[Site "Erice ITA"]
[Date "2009.06.02"]
[Round "7"]
[White "Tondo, Salvatore"]
[Black "Montalto, Antonio"]
[Result "0-1"]
[WhiteElo "1905"]
[BlackElo "1811"]
[PlyCount "46"]
[EventDate "2009.05.30"]

1. e4 e5 2. Nf3 Nc6 3. Bb5 a6 4. Bxc6 dxc6 5. Nc3 Bg4 6. h3 Bxf3 7. Qxf3 Qf6 8.
Qe2 Bc5 9. d3 Ne7 10. Be3 Bb4 11. O-O O-O 12. a3 Bd6 13. Qd2 Ng6 14. Ne2 h6 15.
Ng3 Nh4 16. d4 Rad8 17. c3 exd4 18. cxd4 Qg6 19. Bf4 Rfe8 20. Rfe1 Bc5 21. Qc2
Bxd4 22. Bxc7 Rd7 23. Ba5 Qxg3 0-1

[Event "C.to Regionale Sicilia"]
[Site "Erice ITA"]
[Date "2009.06.02"]
[Round "7"]
[White "Valguarnera, Girolamo"]
[Black "Campo, Renato"]
[Result "1-0"]
[WhiteElo "2127"]
[BlackElo "2008"]
[PlyCount "75"]
[EventDate "2009.05.30"]

1. e4 e6 2. b3 d5 3. Bb2 Nf6 4. e5 Ng8 5. Nf3 Nh6 6. c4 c5 7. cxd5 exd5 8. Bb5+
Nc6 9. O-O Be6 10. d4 a6 11. Be2 Be7 12. dxc5 Bxc5 13. Nc3 O-O 14. Rc1 Bb4 15.
Na4 Rc8 16. a3 Be7 17. b4 a5 18. b5 Nb8 19. Qd2 Rxc1 20. Rxc1 Nd7 21. Qe3 b6
22. Nd4 Bc5 23. Nxc5 Nxc5 24. Nc6 Qh4 25. Rxc5 bxc5 26. Qxc5 Qe4 27. Bf1 Nf5
28. b6 Bc8 29. Nxa5 d4 30. Qb5 Bb7 31. Nxb7 Qxb7 32. a4 d3 33. Bxd3 Rd8 34. Bf1
h5 35. a5 Nh4 36. a6 Nf3+ 37. gxf3 Qxf3 38. Qe2 1-0

[Event "C.to Regionale Sicilia femminile"]
[Site "Erice ITA"]
[Date "2009.05.30"]
[Round "1"]
[White "Galante, Carlotta"]
[Black "Gueci, Laura"]
[Result "0-1"]
[WhiteElo "1374"]
[BlackElo "1536"]
[PlyCount "64"]
[EventDate "2009.05.30"]

1. e4 c5 2. Nf3 d6 3. d4 cxd4 4. Nxd4 Nf6 5. Nc3 a6 6. Bc4 e6 7. Bg5 b5 8. Bb3
Be7 9. O-O O-O 10. Nf3 Bb7 11. Re1 Nbd7 12. e5 Bxf3 13. Qxf3 Nxe5 14. Qd1 Rc8
15. a4 b4 16. Ne4 Nxe4 17. Bxe7 Qxe7 18. Rxe4 a5 19. Re1 Rfd8 20. h3 Rc5 21.
Re3 Qc7 22. Qd2 Rc8 23. Rc1 Nc4 24. Bxc4 Rxc4 25. b3 Rc5 26. Re2 d5 27. Kh1 Qd6
28. c4 bxc3 29. Rxc3 Rxc3 30. Re1 Qb4 31. Qb2 Qxb3 32. Qd2 Qxa4 0-1

[Event "C.to Regionale Sicilia femminile"]
[Site "Erice ITA"]
[Date "2009.05.30"]
[Round "1"]
[White "Gueci, Tea"]
[Black "Nocera, Alice"]
[Result "1-0"]
[WhiteElo "1527"]
[BlackElo "1407"]
[PlyCount "53"]
[EventDate "2009.05.30"]

1. e4 e5 2. Nf3 Nc6 3. d4 exd4 4. Nxd4 Nf6 5. Nxc6 bxc6 6. Nc3 Rb8 7. Bc4 Bc5
8. Rb1 O-O 9. O-O Bb7 10. Bg5 Be7 11. e5 Ne8 12. Bxe7 Qxe7 13. Re1 Qc5 14. Bb3
Kh8 15. Qxd7 Bc8 16. Qd3 g6 17. Qe3 Be6 18. Qxc5 Ng7 19. Bxe6 Nxe6 20. Qxa7 Ra8
21. Qe3 c5 22. Nb5 c6 23. Nd6 Rad8 24. Red1 f6 25. exf6 Rxf6 26. Qe5 Kg7 27.
Ne4 1-0

[Event "C.to Regionale Sicilia femminile"]
[Site "Erice ITA"]
[Date "2009.05.31"]
[Round "2"]
[White "D'Eredita', Elena"]
[Black "Galante, Carlotta"]
[Result "1-0"]
[WhiteElo "1500"]
[BlackElo "1374"]
[PlyCount "119"]
[EventDate "2009.05.30"]

1. e4 e5 2. Nf3 Nc6 3. Bb5 d6 4. h3 Bd7 5. O-O Nf6 6. Nc3 Be7 7. Re1 O-O 8. d4
exd4 9. Nxd4 Nxd4 10. Qxd4 a6 11. Bxd7 Qxd7 12. Bg5 h6 13. Bxf6 Bxf6 14. e5 Be7
15. exd6 Bxd6 16. Rad1 c5 17. Qxd6 Qf5 18. Qd3 Qf6 19. Qc4 b6 20. Qd5 Rab8 21.
Qe5 Qc6 22. Rd6 Qc7 23. Qd5 Qa7 24. Rd7 Qa8 25. Qxa8 Rxa8 26. Rb7 b5 27. Ne4 c4
28. Nc5 Rfd8 29. Ree7 Rf8 30. Kf1 g6 31. Rb6 Rad8 32. Nxa6 Rd5 33. Nb4 Rc5 34.
Reb7 Rd8 35. Rxb5 Rxb5 36. Rxb5 h5 37. Nc6 Rd6 38. Ne5 Rd4 39. Rb4 Rd1+ 40. Ke2
Ra1 41. a3 Rg1 42. Kf3 Rc1 43. Rxc4 Rd1 44. Rc7 f5 45. Nxg6 Rd8 46. Ne7+ Kf8
47. Nxf5 Rb8 48. b3 Ra8 49. a4 Rb8 50. a5 Ra8 51. b4 Ke8 52. Rh7 Ra6 53. c4 Kd8
54. c5 Kc8 55. Nd6+ Kb8 56. Rb7+ Ka8 57. Rb6 Ra7 58. Rc6 Re7 59. a6 Rd7 60. b5
1-0

[Event "C.to Regionale Sicilia femminile"]
[Site "Erice ITA"]
[Date "2009.05.31"]
[Round "2"]
[White "Schinelli, Carlotta"]
[Black "Gueci, Tea"]
[Result "0-1"]
[WhiteElo "1374"]
[BlackElo "1527"]
[PlyCount "100"]
[EventDate "2009.05.30"]

1. e4 c5 2. c3 Nf6 3. e5 Nd5 4. d4 cxd4 5. cxd4 e6 6. Nf3 Nc6 7. Bd2 Qb6 8. Bc3
Nxc3 9. bxc3 Qb2 10. Nbd2 Qxc3 11. Rc1 Qa5 12. Bc4 Bb4 13. Rc2 Bxd2+ 14. Rxd2
Qb4 15. Qc2 Na5 16. Bb3 Nxb3 17. axb3 Qb6 18. O-O Qc6 19. Qd3 b6 20. Rc2 Ba6
21. Rd1 Bxd3 22. Rxc6 dxc6 23. Rxd3 O-O 24. Rc3 Rfc8 25. b4 a5 26. bxa5 Rxa5
27. g3 c5 28. Nd2 Rca8 29. dxc5 Rxc5 30. Rxc5 bxc5 31. Kf1 Rc8 32. Ke2 Kf8 33.
Kd3 Ke7 34. Kc4 f6 35. exf6+ gxf6 36. Ne4 f5 37. Nxc5 Kd6 38. Kd4 e5+ 39. Kc4
Rxc5+ 40. Kd3 Kd5 41. Ke3 Rc3+ 42. Kd2 Kd4 43. Ke2 h6 44. Kd2 Rf3 45. Ke2 Ke4
46. Kf1 Kd3 47. h3 h5 48. h4 f4 49. Kg2 Ke2 50. Kh3 Rxf2 0-1

[Event "C.to Regionale Sicilia femminile"]
[Site "Erice ITA"]
[Date "2009.05.31"]
[Round "3"]
[White "Galante, Carlotta"]
[Black "Nocera, Alice"]
[Result "0-1"]
[WhiteElo "1374"]
[BlackElo "1407"]
[PlyCount "60"]
[EventDate "2009.05.30"]

1. e4 e5 2. Nf3 Nc6 3. d4 exd4 4. Nxd4 Bc5 5. Nxc6 Qf6 6. Qd2 dxc6 7. Bc4 Ne7
8. O-O O-O 9. Nc3 Be6 10. Bxe6 fxe6 11. a3 Rad8 12. Qe2 e5 13. Qc4+ Kh8 14.
Qxc5 b6 15. Qc4 Ng6 16. Qxc6 Qxc6 17. Re1 Qc5 18. Be3 Qc6 19. h3 Nf4 20. Kh1 a6
21. Kh2 g5 22. g3 Ne6 23. Kg2 h6 24. f3 Nd4 25. Rf1 Nxc2 26. Nd1 Nxa1 27. g4
Qc2+ 28. Kh1 Rxd1 29. Rxd1 Qxd1+ 30. Kg2 Qxf3+ 0-1